000 01954nam2a22003731 4500
001 RU\NLR\CVI\004631561
005 20260406100528.0
035 _a(NLR Aleph) 004631561
035 _av19\rc\1505596
090 _a13423749
_c13423749
100 _a20060620d1916 |||y0rusy50 ca
101 0 _arus
102 _aRU
105 _ay z |||h|
200 0 _aза весеннее полугодие 1916 года
_eС прил. актовой речи проф. Д.К. Петрова
_fСост. проф. В.В. Бартольд
210 _d1916
215 _a[2], 235 с.
461 0 _1001v19\rc\1505570
_12001#$aОтчет о состоянии и деятельности Императорского С.-Петербургского университета...$vза весеннее полугодие 1916 года
_93173760
_aПетербургский университет
_cСанкт-Петербург
_d1846-1916
_tОтчет о состоянии и деятельности Императорского С.-Петербургского университета...
_vза весеннее полугодие 1916 года
464 0 _12001#$aАктовая речь профессора Д.К. Петрова
_1701#1$aПетров$bД.К.$f1872-1925$gДмитрий Константинович
_tАктовая речь профессора Д.К. Петрова
702 1 _4220
_7ca
_8rus
_aБартольд
_bВ. В.
_f1869-1930
_gВасилий Владимирович
_959685
_3RU\NLR\AUTH\7776757
801 0 _aRU
_bNLR
_gpsbo
801 0 _aRU
_bRuMoRGB
_2psbo
801 1 _aRU
_bProSoft-M
_2rusmarc
852 _aNLR
_jКрI-1710/1916
852 _aNLR
_j38.31.11.1(10)
852 _aNLR
_j105/411
899 _aRuMoRGB (1846-1916*)
_jE 46/291
899 _aRuMoRGB (1846-1916*)
_jT 94/33
899 _aRuMoRGB (1846-1916*)
_jU 131/635
899 _aБАН (1882-1916*)
942 _cBOOK
980 _aNB
980 _aKRCH